000 00398nam a2200145Ia 4500
008 150201s1990 xx 000 0 und d
082 _a617.64
_bT1990A
100 _aADMAMS C. PHILLIPS
245 _aTHE DESIGN CONSTRUCTION AND USEOF REMOVABLE ORTHODONTICS
250 _a6TH
260 _bVARGHESE PUBLICATION
_aDADAR(MUMBAI)
_c1990
300 _a1-198
650 _aORTHODONTICS
942 _2ddc
_cBK
999 _c3475
_d3475